| 000 | 01037cad a22002295a 4500 | ||
|---|---|---|---|
| 001 | L152971 | ||
| 008 | 110519s2011 xxk f 000 0 eng d | ||
| 035 | _a(Sirsi) u152971 | ||
| 041 | 0 | _aeng | |
| 100 | 1 | _aBailey, Liam | |
| 245 | 0 | 0 |
_aHousebuilding 2011 _bthe opportunities and challenges facing the UK housebuilding industry _h[electronic resource] |
| 260 |
_aLondon _bKnight Frank LLP _c2011 |
||
| 490 | 0 | _aKnight Frank Residential Research | |
| 520 | _aA comprehensive industry-wide sentiment survey was undertaken to gauge the outlook for the UK's housebuilding sector and the results are presented throughout the report. | ||
| 590 | _aKA NTK | ||
| 651 | 4 |
_aUnited Kingdom _y |
|
| 690 | _aPROPERTY-RESIDENTIAL PROPERTY-RESIDENTIAL PROPERTY MARKET | ||
| 690 | _aBUILT ENVIRONMENT-CONSTRUCTION MARKET | ||
| 690 | _aPROPERTY-RESIDENTIAL PROPERTY-RESIDENTIAL PROPERTY DEVELOPMENT | ||
| 856 | 4 | 0 |
_uhttps://my.knightfrank.com/research/?regionid=2 _zView the report free of charge (PDF file) at www.knightfrank.com |
| 942 | _n0 | ||
| 999 |
_c112300 _d112300 |
||